LEADER 00880nam a2200241 i 4500 001 991001820489707536 005 20020507152204.0 008 001113s1982 it ||| | ita 035 $ab11568793-39ule_inst 035 $aLE02725734$9ExL 040 $aDip.to Studi Giuridici$bita 084 $aCM-XI/Z 100 1 $aFloridia, Giorgio$0229518 245 10$aCorrettezza e responsabilita dell'impresa /$cGiorgio Floridia 260 $aMilano :$bA. Giuffrè,$c1982 300 $aviii, 308 p. ;$c26 cm. 490 0 $aStudi di diritto industriale ;$v26 907 $a.b11568793$b01-03-17$c02-07-02 912 $a991001820489707536 945 $aLE027 CM-XI/Z 3$g1$i2027000202843$lle027$o-$pE0.00$q-$rl$s- $t0$u3$v0$w3$x0$y.i11772955$z02-07-02 996 $aCorrettezza e responsabilita dell'impresa$9665056 997 $aUNISALENTO 998 $ale027$b01-01-00$cm$da $e-$fita$git $h0$i1